Yakshamani: Tulu nataka (Record no. 214770)
[ view plain ]
| 000 -LEADER | |
|---|---|
| fixed length control field | 00844nam a2200229Ia 4500 |
| 003 - CONTROL NUMBER IDENTIFIER | |
| control field | OSt |
| 005 - DATE AND TIME OF LATEST TRANSACTION | |
| control field | 20220617164834.0 |
| 008 - FIXED-LENGTH DATA ELEMENTS--GENERAL INFORMATION | |
| fixed length control field | 210719s2002 xx 000 0 und d |
| 040 ## - CATALOGING SOURCE | |
| Transcribing agency | Aloy |
| 041 ## - LANGUAGE CODE | |
| Language code of text/sound track or separate title | Tulu |
| 082 ## - DEWEY DECIMAL CLASSIFICATION NUMBER | |
| Classification number | T894.2 |
| Edition number | 23 |
| Item number | KADY |
| 100 ## - MAIN ENTRY--PERSONAL NAME | |
| Personal name | Kadri Navanitha Shetti: ಕದ್ರಿ ನವನೀತ ಶೆಟ್ಟಿ |
| 9 (RLIN) | 43891 |
| 245 ## - TITLE STATEMENT | |
| Title | Yakshamani: Tulu nataka |
| Remainder of title | ಯಕ್ಷಮಣಿ: ತುಳು ನಾಟಕ |
| 260 ## - PUBLICATION, DISTRIBUTION, ETC. | |
| Place of publication, distribution, etc. | Mangaluru: |
| Name of publisher, distributor, etc. | Kalkura Prakashana, |
| Date of publication, distribution, etc. | 2002. |
| 300 ## - PHYSICAL DESCRIPTION | |
| Extent | 57p. |
| Other physical details | PB |
| Dimensions | 18X12cm. |
| 365 ## - TRADE PRICE | |
| Price amount | 25 |
| Currency code | Rs |
| 650 ## - SUBJECT ADDED ENTRY--TOPICAL TERM | |
| Topical term or geographic name entry element | Tulu Drama: ತುಳು ನಾಟಕ |
| 9 (RLIN) | 43892 |
| 650 ## - SUBJECT ADDED ENTRY--TOPICAL TERM | |
| Topical term or geographic name entry element | Tulu Literature: ತುಳು ಸಾಹಿತ್ಯ |
| 9 (RLIN) | 43892 |
| 700 ## - ADDED ENTRY--PERSONAL NAME | |
| Personal name | SHETTI (Kadri Navanitha): ಶೆಟ್ಟಿ (ಕದ್ರಿ ನವನೀತ) |
| 9 (RLIN) | 43893 |
| 906 ## - LOCAL DATA ELEMENT F, LDF (RLIN) | |
| a | nataka ; Tulu ; Yakshamani |
| 942 ## - ADDED ENTRY ELEMENTS (KOHA) | |
| Source of classification or shelving scheme | Dewey Decimal Classification |
| Koha item type | Donated Books |
| Withdrawn status | Lost status | Source of classification or shelving scheme | Damaged status | Not for loan | Collection code | Home library | Current library | Shelving location | Date acquired | Cost, normal purchase price | Total Checkouts | Full call number | Barcode | Date last seen | Price effective from | Koha item type | Public note |
|---|---|---|---|---|---|---|---|---|---|---|---|---|---|---|---|---|---|
| Dewey Decimal Classification | Tulu | St Aloysius Library | St Aloysius Library | Secondary stack section | 05/30/2008 | 25.00 | T894.2 KADY | D03384 | 07/19/2021 | 07/19/2021 | Donated Books | Donated by Dr Mahalinga Bhat | |||||
| Dewey Decimal Classification | Others | St Aloysius Library | St Aloysius Library | 03/24/2013 | T894.2 KADY | GF02958 | 06/17/2022 | 06/17/2022 | George Fernandes Collections | ||||||||
| Dewey Decimal Classification | Others | St Aloysius Library | St Aloysius Library | 03/24/2013 | T894.2 KADY | GF02959 | 06/17/2022 | 06/17/2022 | George Fernandes Collections |